000 005330000a22001930004500
003 LK-CoMWRAF
005 20240106142731.0
008 230817t1965 ||||| |||| 00| 0 eng d
040 _aLK-CoMWRAF
_dLK-CoMWRAF
_eLK-CoMWRAF
041 _aeng
082 _a891.4391
_bVAH
100 _aVahid, Syed Abdul
245 _aStudies in Iqbal
260 _aLahore:
_bSh. Muhammad Ashraf,
_c[1965]
300 _a xii, 364 p. portrait 22 cm
_bBibliography and index included
500 _aA photocopy
650 _aURDU POETRY
942 _cBK
999 _c2294
_d2294